Chemistry Principles

Bibliographic Details
Main Authors: Masterton, William L, Slowinki, EmilJ
Format: Section = Libro
Language:Undetermined
Spanish
Published: United States Saunders Company [s.f.]
Subjects:
LEADER 00453nam a2200181Ia 4500
008 240830s9999 xx 000 0 und d
040 |a CEDOC FIQ-RUSB / 540 M423 
041 |a spa 
082 |a 540 M423 
100 1 |a Masterton, William L 
100 1 |b Slowinki, EmilJ 
245 1 0 |a Chemistry Principles 
260 |a United States  |b Saunders Company  |c [s.f.] 
300 |a 135 p. 
650 7 |a QUÍMICA GENERAL 
942 |c BK  |2 ddc 
991 |a TEXTO 
999 |c 13885